Statystyki dla Najlepsi Zawodnicy Mistrzostw Europy

Kliknij tutaj aby rozwiązać quiz!

Ogólne statystyki

  • Ten quiz został rozwiązany 38 razy
  • Średni wynik to 7 z 10

Statystyki odpowiedzi

RokZawodnikKrajPozycja% Poprawnych
2021Gianluigi DonnarummaWłochyBramkarz
92%
2000Zinedine ZidaneFrancjaPomocnik
92%
2012Andres IniestaHiszpaniaPomocnik
89%
2008Xavi HernandezHiszpaniaPomocnik
89%
2016Antoine GriezmannFrancjaNapastnik
81%
1992Peter SchmeichelDaniaBramkarz
76%
1988Marco van BastenHolandiaNapastnik
57%
1984Michel PlatiniFrancjaPomocnik
54%
1996Matthias SammerNiemcyObrońca
22%
2004Theodoros ZagorakisGrecjaPomocnik
14%

Rozkład punktacji

Percentyl według liczby udzielonych odpowiedzi

Procent ludzi z każdym wynikiem

Twoja historia wyników

Nie rozwiązałeś tego quizu